Stíny nad Malinovým vrchem. Hvězdná hlídka /
Napínavý příběh Lenky a jejích kamarádů z městečka Malinový vrch, které ovládne strach. A to nejen z nevysvětlitelných stínů podivných bytostí.
Uloženo v:
| Série: | Stíny nad Malinovým vrchem,
část 1 |
|---|---|
| Hlavní autor: | |
| Médium: | E-kniha |
| Jazyk: | Czech |
| Vydáno: |
Praha :
Dobrovský s.r.o.,
2024
|
| Edice: | Drobek
|
| Témata: | |
| Příbuzné jednotky: | Z cyklu::
Stíny nad Malinovým vrchem |
| Tagy: |
Žádné tagy |
| LEADER | 02534nam a2200481 i 4500 | ||
|---|---|---|---|
| 001 | 312537 | ||
| 003 | CZ PrSKC | ||
| 005 | 20260601215724.0 | ||
| 007 | ta | ||
| 008 | 241014s2024 xr a c 000 j cze | ||
| 015 | |a cnb003637596 | ||
| 020 | |a 9788027743933 |q (vázáno) : |c Kč 349,00 | ||
| 035 | |a (OCoLC)1505966445 | ||
| 040 | |a ABG001 |b cze |d ABA001 |e rda | ||
| 072 | 7 | |a 821.162.3-3 |x Česká próza |2 Konspekt | |
| 072 | 7 | |a 821-93 |x Literatura pro děti a mládež (beletrie) |2 Konspekt | |
| 080 | |a 821.162.3-32 |2 MRF | ||
| 080 | |a 821-93 |2 MRF | ||
| 080 | |a (0:82-321.3) |2 MRF | ||
| 100 | 1 | |a Fiala, Dominik, |d 1992- |7 jx20100720021 |4 aut | |
| 245 | 1 | 0 | |a Stíny nad Malinovým vrchem. |p Hvězdná hlídka / |c Dominik Fiala |
| 246 | 3 | 0 | |a Hvězdná hlídka |
| 264 | 1 | |a Praha : |b Dobrovský s.r.o., |c 2024 | |
| 300 | |a 168 stran : |b ilustrace ; |c 21 cm | ||
| 336 | |a text |b txt |2 rdacontent | ||
| 337 | |a bez média |b n |2 rdamedia | ||
| 338 | |a svazek |b nc |2 rdacarrier | ||
| 490 | 1 | |a Drobek | |
| 520 | 2 | |a Napínavý příběh Lenky a jejích kamarádů z městečka Malinový vrch, které ovládne strach. A to nejen z nevysvětlitelných stínů podivných bytostí. |b Lenka Sedmikrásková celý život sní o tom, že se stane slavnou astronomkou a usilovnému studiu hvězd tudíž už teď věnuje bezmála všechen svůj čas. Její plán je prostý, zachytit tu vůbec nejlepší fotku hvězdy. Avšak namísto své vytoužené fotky najde opravdovou hvězdu. Proč asi spadla zrovna do lesa u Lenčina domu? Jaká strašlivá tajemství se v ní asi ukrývají? A kde se tu vzal ten podivný kocour? Nakladatelská anotace. Kráceno. | |
| 521 | 8 | |a Pro čtenáře od 9 let | |
| 655 | 7 | |a české příběhy |7 fd133973 |2 czenas | |
| 655 | 7 | |a dobrodružné příběhy |7 fd132060 |2 czenas | |
| 655 | 7 | |a publikace pro děti |7 fd133156 |2 czenas | |
| 655 | 9 | |a Czech stories |2 eczenas | |
| 655 | 9 | |a adventure stories |2 eczenas | |
| 655 | 9 | |a children's literature |2 eczenas | |
| 787 | 0 | 8 | |i Z cyklu: |t Stíny nad Malinovým vrchem |g 1 |
| 830 | 0 | |a Drobek | |
| 900 | |a ABA001 |b 21 | ||
| 044 | |a xr | ||
| 910 | |a RBIT002 | ||
| 998 | |d 414885 |a https://core.palmknihy.cz/api/books/414885/cover?slhxsv |b https://core.palmknihy.cz/api/books/414885/cover/400?slhxsv |c https://core.palmknihy.cz/api/books/414885/cover/50?slhxsv |e 2034-10-09 |g 176 |i 9788027743933 |j https://core.palmknihy.cz/api/books/414885/preview.epub |k https://core.palmknihy.cz/api/books/414885/preview.pdf |l |q 49 |r 1 |s https://www.palmknihy.cz/kniha/414885 |t ebook |y 2024 |z 0 | ||
| 999 | |d 312535 | ||